<?xml version="1.0" encoding="UTF-8"?>
<collection xmlns="http://www.loc.gov/MARC21/slim">
  <record>
    <leader>00000nam  2200000   4500</leader>
    <controlfield tag="001">INLIS000000000003283</controlfield>
    <controlfield tag="005">20190726090250</controlfield>
    <datafield tag="035" ind1="#" ind2="#">
      <subfield code="a">0010-0718003283</subfield>
    </datafield>
    <controlfield tag="008">190726################g##########0#ind##</controlfield>
    <datafield tag="041" ind1=" " ind2=" ">
      <subfield code="a">id</subfield>
    </datafield>
    <datafield tag="082" ind1="#" ind2="#">
      <subfield code="a">210</subfield>
    </datafield>
    <datafield tag="090" ind1=" " ind2=" ">
      <subfield code="a">210 Kha a</subfield>
    </datafield>
    <datafield tag="100" ind1=" " ind2="#">
      <subfield code="a">Khan, Asif Iqbal</subfield>
    </datafield>
    <datafield tag="245" ind1="1" ind2="#">
      <subfield code="a">Agama, Filsafat, Seni Dalam Pemikiran Iqbal /</subfield>
      <subfield code="c">Asif Iqbal Khan</subfield>
    </datafield>
    <datafield tag="250" ind1="#" ind2="#">
      <subfield code="a">Cet. Pertama</subfield>
    </datafield>
    <datafield tag="260" ind1="#" ind2="#">
      <subfield code="a">Yogyakarta :</subfield>
      <subfield code="b">Fajar Pustaka Baru,</subfield>
      <subfield code="c">2002</subfield>
    </datafield>
    <datafield tag="300" ind1="#" ind2="#">
      <subfield code="a">vii; 168 hlm. :</subfield>
      <subfield code="b">ilus ;</subfield>
      <subfield code="c">20 cm</subfield>
    </datafield>
    <datafield tag="650" ind1=" " ind2="#">
      <subfield code="a">Filsafat Agama</subfield>
    </datafield>
    <datafield tag="084" ind1="#" ind2="#">
      <subfield code="a">210 Kha a</subfield>
    </datafield>
    <datafield tag="520" ind1="#" ind2="#">
      <subfield code="a">Dalam sejarah pemikiran islam, barangkali Iqbal adalah satu-satunya pemikir yang memiliki  sebagai gerakan kebangkitan Islam. Iqbal merupakan seorang Vitalis yang memiliki pendekatan berorientasi masa depan dalam melihat kehidupan dengan segala persoalannya.. Dan ia mencita-citakan adanya sebuah Renaisanse Islam, sebagai agama yang sempurna, agung sekaligus sederhana: dengan keberanian bergulat dengan filsafat dan ilmu pengetahuan modern, guna membangun kehidupan manusia yang bahagia baik di dunia maupun di hari kemudian. Buku ini menyajikan kerangka umum pemikiran filsafat kelahiran Pakistan tersebut. Meskipun bukan kajian yang mendetail, namun penulis buku ini cukup mampu dan berani untuk membuat gambaran yang ringkas dan padat. Ada tiga tema yang dicakup, yang sekaligus merupakan tema pemikiran Iqbal-Agama, Filsafat dan Seni. Iqbal sendiri menyampaikan sepenuhnya bahwa seni-budaya merupakan perangkat utama dalam pengembangan peradaban manusia sekaligus sebagai  media komunikasi yang efektif bagi pemikir- filsafat dan agama. Dalam ramuan ketiga aspek itu, kita akan menyaksikan bagaimana Iqbal merumuskan sebuah idealitas bagi peradaban manusia dan terutama bagi umat islam.</subfield>
    </datafield>
    <datafield tag="856" ind1="#" ind2="#">
      <subfield code="a">Perpustakaan Lembaga Administrasi Negara</subfield>
    </datafield>
    <datafield tag="990" ind1="#" ind2="#">
      <subfield code="a">140316372</subfield>
    </datafield>
    <datafield tag="990" ind1="#" ind2="#">
      <subfield code="a">140316372</subfield>
    </datafield>
  </record>
</collection>
